000 00992nam a2200277Ia 4500
001 21977
005 20260320113330.0
008 260320s9999||||xx |||||||||||||| ||und||
020 _a9786125165145
041 _aESP
082 _a985.04
_bC265
100 _a
_e
111 _aIII Congreso de Peruanidad
245 0 _aLa independencia y la promesa de la vida peruana. Reflexiones en el bicentenario de Junín y Ayacucho :
_bmemorias del III Congreso de Peruanidad
246 _a
_5
_b
250 _aPrimera edición
260 _aArequipa :
_bUniversidad Católica San Pablo,
_c2025
300 _a204 páginas :
_bfotogragías, tablas ;
_c24 cm.
_e
440 _a
_n
_v
650 _aHIS
653 _aIdentidad cultural - Perú - Congresos; Perú - Historia - Independencia
654 _aCHU
700 _a
_c
856 _uhttps://0u20fmqih-y-https-research-ebsco-com.itmsp.museknowledge.com/c/qxo6us/search
_zVéase además: Base de datos EBSCOhost
942 _cLIB
_dJUS
_fMAT
_2ddc
_n
999 _c21977
_d21977